书目信息 |
| 题名: |
我国地方政府绩效与生态脆弱性协同评估
|
|
| 作者: | 尚虎平, , 张怡梦, 著 | |
| 分册: | ||
| 出版信息: | 北京 科学技术文献出版社 2018 |
|
| 页数: | 180页 | |
| 开本: | 24cm | |
| 丛书名: | ||
| 单 册: | ||
| 中图分类: | D625 , F205 | |
| 科图分类: | ||
| 主题词: | 地方政府--di fang zheng fu--行政管理--关系--生态管理--研究--中国 | |
| 电子资源: | ||
| ISBN: | 978-7-5189-4311-1 | |
| 000 | 01818nam0 2200325 450 | |
| 001 | 012001006756 | |
| 005 | 20140101152053.0 | |
| 010 | @a978-7-5189-4311-1@dCNY45.00 | |
| 099 | @aCAL 012018111906 | |
| 100 | @a20180803d2018 em y0chiy50 ea | |
| 101 | 0 | @achi |
| 102 | @aCN@b110000 | |
| 105 | @ak a 000yy | |
| 106 | @ar | |
| 200 | 1 | @a我国地方政府绩效与生态脆弱性协同评估@Awo guo di fang zheng fu ji xiao yu sheng tai cui ruo xing xie tong ping gu@e面向西部45市的探索性研究@f尚虎平, 张怡梦著 |
| 210 | @a北京@c科学技术文献出版社@d2018 | |
| 215 | @a180页@d24cm | |
| 300 | @a本书是教育部人文社基金规划项目“我国西部生态脆弱性评估与政府应对研究”(编号:13YJAZH076),国家社科基金一般项目“我国县级政府潜绩评估研究”(编号:14BGL115)以及国家自科基金重点项目“现代社会治理的组织与模式研究”(编号:71533002)的阶段性成果 | |
| 314 | @a尚虎平(1974-),管理学博士,南开大学周恩来政府管理学院教授、博士生导师,博采国研公共管理信息研究院(北京)院长,瞭望智库特约研究员。 | |
| 314 | @a张怡梦(1993-),南开大学周恩来政府管理学院博士生,博采国研公共管理信息研究院(北京)副院长。 | |
| 320 | @a有书目 (第176-180页) | |
| 330 | @a本研究拟立足于各种客观生态数据,采用隶属度分析、相关性分析、变差系数分析、熵值法、功效函数法、耦合协同度模型等方法,选取西部45市(自治州、区)等作为研究对象,对这些地方政府辖区内的生态脆弱性与政府绩效耦合协同度进行探索性评估,以此了解我国西部生态问题现状,并为未来我国改进西部乃至全国生态问题打下基础。 | |
| 517 | 1 | @a面向西部45市的探索性研究@Amian xiang xi bu 45 shi de tan suo xing yan jiu |
| 606 | 0 | @a地方政府@Adi fang zheng fu@x行政管理@x关系@x生态管理@x研究@y中国 |
| 690 | @aD625@v5 | |
| 690 | @aF205@v5 | |
| 701 | 0 | @a尚虎平,@Ashang hu ping@f1974-@4著 |
| 701 | 0 | @a张怡梦,@Azhang yi meng@f1993-@4著 |
| 801 | 0 | @aCN@b上海新华@c20191020 |
| 905 | @b1132193-6@dD625@e108@f4 | |
| 我国地方政府绩效与生态脆弱性协同评估:面向西部45市的探索性研究/尚虎平, 张怡梦著.-北京:科学技术文献出版社,2018 |
| 180页;24cm |
| 本书是教育部人文社基金规划项目“我国西部生态脆弱性评估与政府应对研究”(编号:13YJAZH076),国家社科基金一般项目“我国县级政府潜绩评估研究”(编号:14BGL115)以及国家自科基金重点项目“现代社会治理的组织与模式研究”(编号:71533002)的阶段性成果 |
| ISBN 978-7-5189-4311-1:CNY45.00 |
| 本研究拟立足于各种客观生态数据,采用隶属度分析、相关性分析、变差系数分析、熵值法、功效函数法、耦合协同度模型等方法,选取西部45市(自治州、区)等作为研究对象,对这些地方政府辖区内的生态脆弱性与政府绩效耦合协同度进行探索性评估,以此了解我国西部生态问题现状,并为未来我国改进西部乃至全国生态问题打下基础。 |
| ● |
| 相关链接 |
|
|
|
|
正题名:我国地方政府绩效与生态脆弱性协同评估
索取号:D625/108
 
预约/预借
| 序号 | 登录号 | 条形码 | 馆藏地/架位号 | 状态 | 备注 |
| 1 | 1132193 | 211321933 | 第一样本阅览室/ [索取号:D625/108] | 在馆 | |
| 2 | 1132194 | 211321942 | 第一借阅区/ [索取号:D625/108] | 在馆 | |
| 3 | 1132195 | 211321951 | 第一借阅区/ [索取号:D625/108] | 在馆 | |
| 4 | 1132196 | 211321960 | 第一借阅区/ [索取号:D625/108] | 在馆 |